000 00448nam a22001817a 4500
005 20260512161504.0
008 260512b |||||||| |||| 00| 0 eng d
020 _a9788123907499
_c250.00
040 _aMAIN
041 _aEnglish
082 _a551
_bGOK
100 _aGokhale N.W.
_914489
245 _aGuide To Field Geology
260 _aNew Delhi
_bCBS Publishers
_c2023
300 _a96
650 _aGeology (PM USHA)
_926712
942 _cBK
999 _c60765
_d60765